Svedectvo o ceste k jednote

Podrobná bibliografia
Hlavný autor: Dojčár, Martin (Author)
Médium: Článok
Jazyk:Slovak
Témy:
Zdroj: 1. Katolícke noviny 1. Roč. 113, č. 3(1998), s. 5
LEADER 00784nab#a2200301#ar4500
001 000041004
003 SVKKK
005 00000000000000.0
008 c xo e sloo
FMT
038 |a SVKKK 
040 |a SVKKK  |b slo  |e AACR2 
041 0 |a slo 
044 |a xo  |c SK 
080 |a 282:25  |2 1981 
080 |a 78  |2 1981 
100 1 |a Dojčár, Martin  |4 aut 
245 1 0 |a Svedectvo o ceste k jednote  |c Dojčár Martin, 
300 |b Fotogr. 1 
650 0 4 |a Hnutie za jednotu kresťanov  |x Košice  |x činnosť  |z Festival sakrálneho umenia  |x Košice  |x program  |x informácie 
773 0 |t Katolícke noviny  |g Roč. 113, č. 3(1998), s. 5 
957 |a Košice 
958 |a KE 
974 |d 980325  |a SAB 
992 |a RBX 
BAS
852 |a SVKKK  |b BIB 
998 |a REG